000 00332nam a2200133Ia 4500
008 190216s9999||||xx |||||||||||||| ||und||
100 _aJoshy A W
245 0 _aElements Of Group Theory For Physicists
250 _a4th Ed.
260 _bNew Age International Publishers
_c2002
300 _a305
650 _aPhysics
942 _cBK
999 _c33506
_d33506